[Event "Summer-3"]
[Site "Alushta UKR"]
[Date "2006.06.18"]
[Round "3"]
[White "Tukhaev,A"]
[Black "Belikov,V"]
[Result "1/2-1/2"]
[WhiteElo "2466"]
[BlackElo "2552"]

1.e4 d5 2.exd5 Qxd5 3.Nc3 Qd6 4.d4 c6 5.Nf3 Bg4 6.Be3 Nf6 7.Qd2 Nbd7 8.O-O-O e6
9.Bf4 Qb4 10.Bc7 Rc8 11.a3 Qe7 12.Be5 Qd8 13.Qf4 Qa5 14.Ne4 Nxe4 15.Qxe4 Nxe5
16.dxe5 Bf5 17.Qd4 Rd8 18.Qxd8+ Qxd8 19.Rxd8+ Kxd8 20.Bd3 Bc5 21.Bxf5 exf5
22.Nd4 g6 23.c3 Ke7 24.Kd2 Rd8 25.Ke3 Rd5 26.f4 Bxd4+ 27.cxd4 Rb5 28.b4 a5
29.Rb1 Ke6 30.Kd3 Kd5 31.Kc3 Rb6 32.Kd3 axb4 33.Rxb4 Rxb4 34.axb4 b6 35.Kc3 b5
36.Kd3 Ke6 37.Ke3 Kd5 38.Kd3 h6 39.h4 h5 40.g3 Ke6  1/2-1/2

[Event "10th Heraclion Open"]
[Site "Athens GRE"]
[Date "2006.06.18"]
[Round "9"]
[White "Makka,I"]
[Black "Iordanidou,Z"]
[Result "1-0"]
[WhiteElo "2198"]
[BlackElo "1945"]

1.e4 d5 2.exd5 Qxd5 3.Nc3 Qd6 4.d4 Nf6 5.Nf3 c6 6.Ne5 Nbd7 7.Nc4 Qc7 8.Qf3 Nb6
9.Ne5 Be6 10.Bf4 Qd8 11.Qd1 Nbd5 12.Nxd5 Nxd5 13.Bg3 g6 14.a3 Bh6 15.Be2 Nf6
16.Bf3 Bd5 17.O-O O-O 18.Re1 Be6 19.c4 Qb6 20.b4 a5 21.c5 Qa7 22.b5 cxb5
23.Qb1 Bd2 24.Qxb5 Bxe1 25.Rxe1 Bd5 26.Bxd5 Nxd5 27.c6 bxc6 28.Nxc6 e6 29.Nxa7 Rxa7
30.Rc1 Rfa8 31.h3 Ra6 32.Rc8+  1-0

[Event "10th Heraclion Open"]
[Site "Athens GRE"]
[Date "2006.06.18"]
[Round "9"]
[White "Georgiadis,I"]
[Black "Simeonidis,I"]
[Result "1/2-1/2"]
[WhiteElo "2269"]
[BlackElo "2307"]

1.e4 d5 2.exd5 Qxd5 3.Nc3 Qd6 4.d4 g6 5.Bc4 Bg7 6.Nge2 a6 7.O-O Nf6 8.Bf4 Qc6
9.Bb3 O-O 10.Qd2 Rd8 11.Rad1 b5 12.Bh6 Bb7 13.f3 Nbd7 14.Bxg7 Kxg7 15.Kh1 Nc5
16.Ng3 e6 17.Qf2 Ncd7 18.Nce4 Qb6 19.c3 Rac8 20.Nxf6 Nxf6 21.Ne4 Bd5 22.Qh4 Ng8
23.Qf4 Bxb3 24.axb3 Rd5  1/2-1/2

[Event "Open A"]
[Site "Balatonlelle HUN"]
[Date "2006.06.19"]
[Round "3"]
[White "Berczes,C"]
[Black "Czebe,A"]
[Result "0-1"]
[WhiteElo "2395"]
[BlackElo "2505"]

1.e4 d5 2.exd5 Qxd5 3.Nc3 Qd6 4.d4 Nf6 5.Nf3 g6 6.g3 Bg7 7.Bg2 Qa6 8.Bf4 c6
9.Qd2 O-O 10.Ne5 Rd8 11.Bf1 b5 12.Bg2 Nh5 13.O-O Bf5 14.Rfe1 Qb6 15.Rad1 f6
16.Nxc6 Nxc6 17.Nd5 Rxd5 18.Bxd5+ Kh8 19.Rxe7 Nxf4 20.Qxf4 Rc8 21.Bxc6 Qxc6
22.c3 Bf8 23.Rxa7 Qb6 24.Rf7 Kg8 25.Rxf8+ Rxf8 26.Re1 Qc6 27.f3 Be6 28.a3 Kg7
29.Kf2 Re8 30.Qe4 Qd7 31.Qf4 Bc4 32.Rxe8 Qxe8 33.Qd2 Qe6 34.Qc2 Qh3 35.Ke3 Qf1
36.Qd2 g5 37.d5 Qg1+ 38.Ke4 Kg6 39.g4 Qc5 40.f4 gxf4 41.Kxf4 Qd6+ 42.Ke3 Qe5+  0-1

[Event "ch-NED"]
[Site "Hilversum NED"]
[Date "2006.06.24"]
[Round "7"]
[White "Nijboer,F"]
[Black "Tiviakov,S"]
[Result "0-1"]
[WhiteElo "2584"]
[BlackElo "2669"]

1.e4 d5 2.exd5 Qxd5 3.Nc3 Qd6 4.d4 Nf6 5.Be2 c6 6.Bg5 Bf5 7.Qd2 Nbd7 8.Nf3 e6
9.O-O Qc7 10.Nh4 Bg6 11.Rfe1 Bd6 12.g3 O-O 13.Nxg6 hxg6 14.Rad1 Bb4 15.Bf4 Bd6
16.Be3 Nb6 17.Bg5 Nbd5 18.Bf3 Nh7 19.Ne4 Nxg5 20.Qxg5 Be7 21.Qc1 Rad8 22.c3 Nf6
23.Nd2 c5 24.dxc5 Bxc5 25.Nb3 Bb6 26.Rxd8 Rxd8 27.Rd1 Rxd1+ 28.Qxd1 Ne8 29.Qe2 Nd6
30.Nd2 a5 31.Ne4 Bc5 32.Nxc5 Qxc5 33.Qd2 b6 34.Kg2 Kf8 35.h4 a4 36.Be2 Ke7
37.Kg1 Ne4 38.Qf4 f5 39.Bd3 e5 40.Qf3 Nd6 41.Bc2 b5 42.h5 e4 43.Qf4 gxh5
44.Qg5+ Kf8 45.Bd1 Nf7 46.Qxh5 Qd6 47.Qe2 Ne5 48.Qc2 Nd3 49.Be2 f4 50.gxf4 Qg6+
51.Kf1 Qh7 52.Kg1 Nxf4 53.Bxb5 Nh3+ 54.Kg2 Nf4+ 55.Kg1 Qg6+ 56.Kf1 Qh5 57.Qxe4 Qxb5+
58.c4 Qg5 59.b4 Qg4 60.f3 Qg2+ 61.Ke1 Qg1+ 62.Kd2 Qf2+ 63.Kd1 Ng2 64.Qf5+ Kg8
65.Qd5+ Kf8 66.Qf5+ Ke7 67.Qe5+ Kd8 68.Qd6+ Ke8 69.Qe6+ Kf8 70.Qf5+ Ke7 71.Qe5+ Kd7
72.Qxg7+ Ke6 73.Qg6+ Ke5 74.Qe4+ Kf6 75.Kc1 Ne3 76.Qf4+ Ke6 77.Qe4+ Kf6 78.Qf4+ Kg6
79.Qd6+ Kf5 80.Qc5+ Kf4 81.Qd4+ Kg3 82.Qg7+ Kh3 83.Qh7+ Kg2 84.Qg6+ Kf1 85.Qd3+ Kg1
86.a3 Qe1+ 87.Kb2 Nd1+ 88.Kc2 Ne3+ 89.Kb2 Nd1+ 90.Kc2 Nf2 91.Qd2 Qe6 92.Kb2 Kg2
93.Qc2 Qe5+ 94.Ka2  0-1

[Event "20th Open"]
[Site "Pula CRO"]
[Date "2006.06.24"]
[Round "8"]
[White "Saric,Iv"]
[Black "Kantorik,M"]
[Result "1-0"]
[WhiteElo "2393"]
[BlackElo "2286"]

1.e4 d5 2.exd5 Qxd5 3.Nc3 Qd6 4.d4 Nf6 5.Nf3 Bg4 6.h3 Bxf3 7.Qxf3 c6 8.Be3 e6
9.O-O-O Qc7 10.Kb1 Nbd7 11.g4 Nb6 12.g5 Nfd5 13.Nxd5 cxd5 14.Bb5+ Nd7 15.c4 a6
16.Bf4 Bd6 17.Bxd6 Qxd6 18.Bxd7+ Qxd7 19.cxd5 Qxd5 20.Qxd5 exd5 21.Rhe1+ Kd7
22.Re5 Kd6 23.Rde1 Rhd8 24.Rf5 Rd7 25.Ree5 Kc6 26.Rf3 Kd6 27.Rff5 Kc6 28.Kc2 Rc8
29.Kd2 Rcc7 30.Re8 Re7 31.Re5 Rxe5 32.Rxe5 Kd6 33.b3 Rc8 34.f4 b5 35.f5 b4
36.Re3 Kd7 37.f6 gxf6 38.gxf6 Kd6 39.Re7 Rc3 40.Rxf7 Rxh3 41.Ra7 Ke6 42.Rxa6+ Kf7
43.Rb6 Rh2+ 44.Ke3 Rxa2 45.Kf4 h5 46.Ke5 Re2+ 47.Kxd5 h4 48.Kc4 Rd2 49.Rxb4 h3
50.Rb7+ Kxf6 51.Rh7 h2 52.Kd5 Rb2 53.Kd6 Kg6 54.Rh8 Kg7 55.Rh3 Kf7 56.d5 Rxb3
57.Rxh2 Ke8 58.Rh8+ Kf7 59.Kd7 Rb7+ 60.Kc6 Ra7 61.d6 Ra6+ 62.Kc7  1-0

[Event "II Perla Baltyku"]
[Site "Mielno POL"]
[Date "2006.06.26"]
[Round "7"]
[White "Brzeski,M"]
[Black "Malaniuk,V"]
[Result "0-1"]
[WhiteElo "2246"]
[BlackElo "2539"]

1.e4 d5 2.exd5 Qxd5 3.Nc3 Qd6 4.d4 Nf6 5.Nf3 a6 6.Ne5 Nc6 7.Nxc6 Qxc6 8.Be2 Qxg2
9.Bf3 Qh3 10.Bf4 c6 11.Rg1 g6 12.Na4 Bh6 13.Be5 Be6 14.Rg3 Qh4 15.c4 O-O
16.Nb6 Rad8 17.Qd3 Bf4 18.Bxf4 Qxf4 19.Rd1 Qc7 20.c5 Nd5 21.Bxd5 Bxd5 22.Kd2 e5
23.Kc1 Be6 24.Qe3 Rxd4 25.Rxd4 exd4 26.Qxd4 Qe7 27.Rd3 Qg5+ 28.f4 Qh4 29.Rd2 Re8
30.b3 Qe1+ 31.Kb2 h5 32.Qf2 Qxf2 33.Rxf2 Kg7 34.Re2 Rd8 35.Na4 Rd5 36.Kc3 Kf6
37.b4 Kf5 38.Rf2 Ke4 39.Nb2 Ke3 40.Rf1 h4 41.Nc4+ Ke2  0-1

[Event "WGM"]
[Site "Marseille FRA"]
[Date "2006.06.30"]
[Round "1"]
[White "Bismuth,S"]
[Black "Fernandez,Laur"]
[Result "0-1"]
[WhiteElo "1960"]
[BlackElo "1962"]

1.e4 d5 2.exd5 Qxd5 3.Nc3 Qd6 4.d4 Nf6 5.Nf3 a6 6.g3 Bg4 7.Bg2 Nc6 8.O-O e6
9.Bf4 Qb4 10.h3 Bxf3 11.Qxf3 Bd6 12.Rfd1 Bxf4 13.gxf4 O-O 14.a3 Qxb2 15.Rab1 Qxc2
16.Rxb7 Ne7 17.Rxc7 Rac8 18.Rc5 Rfd8 19.Rxc8 Rxc8 20.Rd3 Qc1+ 21.Kh2 g6 22.Ne2 Qc2
23.Rc3 Rxc3 24.Nxc3 Nf5 25.d5 Nh4 26.Qe3 Nxg2 27.Kxg2 exd5 28.Qe5 Ne4 29.Qe8+ Kg7
30.Qe5+ Kh6 31.Nxe4 Qxe4+ 32.Qxe4 dxe4 33.Kg3 Kh5 34.h4 h6 35.Kh3 g5 36.hxg5 hxg5
37.Kg3 g4 38.Kg2 Kg6 39.Kh2  0-1

[Event "WGM"]
[Site "Marseille FRA"]
[Date "2006.07.02"]
[Round "3"]
[White "Benmesbah,N"]
[Black "Fernandez,Laur"]
[Result "1-0"]
[WhiteElo "2137"]
[BlackElo "1962"]

1.e4 d5 2.exd5 Qxd5 3.Nc3 Qd6 4.d4 Nf6 5.Bd3 a6 6.Nge2 Nc6 7.O-O e6 8.Bf4 Qd8
9.Re1 Be7 10.Ne4 O-O 11.c3 Re8 12.Nxf6+ Bxf6 13.Ng3 Ne7 14.Ne4 Nd5 15.Nxf6+ Qxf6
16.Be5 Qg5 17.Qf3 Bd7 18.Bg3 Bc6 19.Re5 f5 20.c4 Nb4 21.Qe2 Nxd3 22.Qxd3 Rad8
23.f3 Qf6 24.Rd1 Re7 25.Qe2 Kf7 26.d5 f4 27.Bf2 Ke8 28.Bc5 Rd6 29.Bxd6 cxd6
30.Rxe6 Rxe6 31.dxe6 Ke7 32.Re1 g5 33.Qc2 Qg7 34.Qf5 Be8 35.Qa5 Qd4+ 36.Kh1 h6
37.Qc7+ Kf8 38.Qh7 Qg7 39.e7+ Kf7 40.Qf5+ Qf6 41.Qd5+ Kg7 42.Qxb7  1-0

[Event "WGM"]
[Site "Marseille FRA"]
[Date "2006.07.03"]
[Round "5"]
[White "Sukandar,I"]
[Black "Fernandez,Laur"]
[Result "1-0"]
[WhiteElo "2213"]
[BlackElo "1962"]

1.e4 d5 2.exd5 Qxd5 3.Nc3 Qd6 4.d4 Nf6 5.Bc4 a6 6.Nf3 b5 7.Bb3 Nc6 8.h3 Na5
9.O-O Nxb3 10.axb3 Bb7 11.Ne5 Rd8 12.Qe2 b4 13.Qc4 Nd5 14.Ne4 Qb6 15.Nc5 a5
16.Rxa5  1-0

[Event "35th TCh-GRE"]
[Site "Ermioni GRE"]
[Date "2006.07.04"]
[Round "2"]
[White "Antoniou,A"]
[Black "Psomiadis,S"]
[Result "1/2-1/2"]
[WhiteElo "2179"]
[BlackElo "2221"]

1.e4 d5 2.exd5 Qxd5 3.Nc3 Qd8 4.Nf3 Bf5 5.d4 e6 6.Bd3 Bg6 7.O-O c6 8.Bg5 Be7
9.Bxe7 Nxe7 10.Ne4 O-O 11.Re1 Nd7 12.c3 Nd5 13.Qd2 Qc7 14.Nh4 Qf4 15.Nxg6 Qxd2
16.Nxd2 hxg6 17.Nf3 Rfd8 18.Rad1 Ne7 19.Ng5 Nf6 20.Bc2 Rd6 21.g3 Rc8 22.Bb3 Ned5
23.Kg2 Nc7 24.h3 Rcd8 25.f4 b5 26.Nf3 Ncd5 27.Ne5 Rc8 28.Nd3 Rdd8 29.Nc5 Rb8
30.Kf3 a5 31.Rd3 Nd7 32.Nxd7 Rxd7 33.g4 Nb6 34.Rde3 a4 35.Bd1 Rbd8 36.Be2 Nd5
37.Rd3 b4 38.cxb4 Nxb4 39.Rc3 Rxd4 40.a3 Nd5 41.Rxc6 Nxf4 42.Bf1 g5 43.Re4 Rd2
44.Rb6 Nd3 45.Bxd3 R8xd3+ 46.Re3 Rxe3+ 47.Kxe3 Rh2 48.Rb4 Rxh3+ 49.Kd2 f5
50.Rxa4 Rh2+ 51.Kc3 f4 52.Re4 Kf7 53.a4 Rh3+ 54.Kc4 f3 55.Re1 Rg3 56.a5 Rxg4+
57.Kb5 Rh4 58.Rf1 g4 59.a6 Rh8 60.b4 e5 61.Kc4 Rc8+ 62.Kd5 Rb8 63.a7 Ra8
64.Kxe5 Rxa7 65.Kf4 Rb7 66.Kxg4 Rxb4+ 67.Kxf3 Rb6 68.Kg4+ Kg6 69.Rf4 Rb1
70.Ra4 Rg1+ 71.Kh3 Kh6 72.Ra6+ g6 73.Rb6 Ra1 74.Kg4 Ra4+ 75.Kg3 Kh5 76.Rb3 Rg4+
77.Kh3  1/2-1/2

[Event "Open"]
[Site "Albarino ESP"]
[Date "2006.07.05"]
[Round "3"]
[White "Sanchez Aller,F"]
[Black "Nanu,C"]
[Result "1/2-1/2"]
[WhiteElo "2299"]
[BlackElo "2457"]

1.e4 d5 2.exd5 Qxd5 3.Nc3 Qd8 4.Nf3 Nf6 5.Bc4 a6 6.Ne5 e6 7.a4 Bd6 8.d4 c5
9.Be3 Qc7 10.f4 cxd4 11.Qxd4 Bxe5 12.fxe5 Nc6 13.Qd6 Qxd6 14.exd6 Bd7 15.O-O-O Ne5
16.Be2 Bc6 17.Bd4 Ng6 18.Rhg1 e5 19.Be3 Nh4 20.b4 Nf5 21.Bb6 O-O 22.b5 axb5
23.axb5 Bd7 24.Kb2 h5 25.Bc4 Rfc8 26.Bb3 Re8 27.Nd5 Nxd5 28.Rxd5 e4 29.c4 e3
30.Bc2 g6 31.Bxf5 gxf5 32.Re1 e2 33.Rd2 Re4 34.Bd4 Ra4 35.Rexe2 Rxc4 36.Bc3 Rc5
37.Rxe4 fxe4 38.Rd4 Rxb5+ 39.Rb4 Rxb4+ 40.Bxb4 f5 41.Bd2 Kf7 42.h4 Ke6 43.Bf4 Kd5
44.Kc3 b5 45.Be3 Kxd6 46.Kd4 Kc6 47.g3 Be6 48.Bd2 Bc4 49.Bb4 Bd3 50.Bd2 Kd6
51.Bf4+ Ke6 52.Bd2 f4 53.Bxf4 b4 54.Bd2 b3 55.Bc3 Kf5 56.Ke3 Kg4 57.Be5 Kh3
58.Kf2 Bc2 59.Bb2 Kg4 60.Bd4 Kf5 61.Ke3 Ke6 62.Bb2 Kd5 63.Bc3 Bd1 64.Bb2 Bg4
65.Bc3 Kc4 66.Bb2 Bf5 67.Bg7 Kb4 68.Bb2 Bg6 69.Kd4 Bf5 70.Ke3 Kc4 71.Bg7 Kd5
72.Bb2 Bd7 73.Bg7 Bc6 74.Bb2 Ke6 75.Kf4 Bb7 76.Ke3 Kf5 77.Bd4 Kg4 78.Kf2 Bd5
79.Be5 Kh3 80.Bd4 e3+ 81.Kxe3 Kxg3 82.Bf6 b2 83.Bxb2 Kxh4 84.Bf6+ Kg4 85.Be7 h4
86.Bxh4 Kxh4  1/2-1/2

[Event "XXIX Open"]
[Site "Barbera del Valles ESP"]
[Date "2006.07.06"]
[Round "2"]
[White "De la Paz,F"]
[Black "Torao Compte,V"]
[Result "1/2-1/2"]
[WhiteElo "2435"]
[BlackElo "2008"]

1.e4 d5 2.exd5 Qxd5 3.Nc3 Qd8 4.d4 c6 5.Bc4 Bf5 6.f4 e6 7.Nf3 Nd7 8.Qe2 Nb6
9.Bb3 Nf6 10.h3 h5 11.Bd2 a5 12.a4 Bb4 13.O-O-O h4 14.d5 cxd5 15.Nd4 O-O
16.Nxf5 exf5 17.Qe5 Qd7 18.Qd4 Bxc3 19.Bxc3 Qc6 20.g4 Rfe8 21.Rhe1 fxg4 22.hxg4 Rxe1
23.Rxe1 Re8 24.Rxe8+ Nxe8 25.Bxa5 Nc4 26.Be1 h3 27.Bg3 Qe6 28.Bxc4 dxc4 29.Qe5 Nf6
30.Qxe6 fxe6 31.g5 Ng4 32.Kd2 h2 33.Bxh2 Nxh2 34.Kc3 Kf7 35.Kxc4 Ke7 36.Kc5 Kd7
37.b4 Nf3 38.Kb6 Kc8 39.a5 Nd4 40.b5 Nxc2 41.a6 bxa6 42.bxa6 Kb8 43.Kc5 Ka7
44.Kd6 Nd4 45.Ke5 Ne2 46.f5 exf5 47.Kxf5 Nd4+ 48.Kg6 Ne6 49.Kf7 Nxg5+ 50.Kxg7 Kxa6  1/2-1/2

[Event "Open"]
[Site "Albarino ESP"]
[Date "2006.07.07"]
[Round "5"]
[White "Starostits,I"]
[Black "Nanu,C"]
[Result "1/2-1/2"]
[WhiteElo "2445"]
[BlackElo "2457"]

1.e4 d5 2.exd5 Qxd5 3.Nc3 Qd8 4.d4 Nf6 5.Bg5 c6 6.Nf3 Bf5 7.Bc4 e6 8.Ne5 h6
9.Bh4 Nbd7 10.Qe2 Bb4 11.O-O g5 12.Bg3 Nb6 13.Bd3 Bxd3 14.Qxd3 Nbd7 15.f4 Nxe5
16.fxe5 Bxc3 17.bxc3 Nd5 18.c4 Ne7 19.Rf6 Qd7 20.Raf1 Nf5 21.d5 O-O-O 22.d6 Rdf8
23.Bf2 c5 24.Bxc5 a6 25.Qe4 h5 26.Rb1 Kb8 27.Bb6 Rc8 28.c5 Rc6 29.h3 h4 30.Qg4 Rhc8
31.Qxg5 Rxb6 32.Rxb6 Qa4 33.Rxf5 exf5 34.Qe7 Qd4+  1/2-1/2

[Event "Women's Chess Cup"]
[Site "Dresden GER"]
[Date "2006.07.07"]
[Round "2"]
[White "Jackova,J"]
[Black "Winkelmann,E"]
[Result "1/2-1/2"]
[WhiteElo "2389"]
[BlackElo "2055"]

1.e4 d5 2.exd5 Qxd5 3.Nc3 Qd6 4.Nf3 Nf6 5.h3 a6 6.g3 b5 7.Bg2 Bb7 8.O-O e6
9.d3 Be7 10.Qe2 O-O 11.Ne4 Qd8 12.Ne5 Nxe4 13.dxe4 Bf6 14.Rd1 Qe7 15.Ng4 e5
16.Qf3 Nc6 17.c3 Rad8 18.Be3 Bg5 19.Bxg5 Qxg5 20.h4 Qe7 21.Ne3 Nb8 22.Rxd8 Rxd8
23.Rd1 Rxd1+ 24.Qxd1 Nd7 25.Nf5 Qe6 26.Kh2 g6 27.Bh3 gxf5 28.Bxf5 Qb6 29.Qxd7 Qxf2+
30.Kh3 Qf1+ 31.Kh2 Qf2+ 32.Kh3 Qf1+ 33.Kh2  1/2-1/2

[Event "35th TCh-GRE"]
[Site "Ermioni GRE"]
[Date "2006.07.07"]
[Round "5"]
[White "Papadopoulos,I"]
[Black "Tzermiadianos,And"]
[Result "1/2-1/2"]
[WhiteElo "2285"]
[BlackElo "2462"]

1.e4 d5 2.exd5 Qxd5 3.Nc3 Qd6 4.d4 Nf6 5.Bc4 a6 6.Bb3 Nc6 7.Nge2 Bg4 8.h3 Bxe2
9.Nxe2 O-O-O 10.c3 e5 11.Be3 Nd5 12.dxe5 Qxe5 13.Bxd5 Rxd5 14.Qc2 g5 15.Rd1 Bd6
16.Rxd5 Qxd5 17.O-O h6 18.b3 f5 19.Rd1 Qe5 20.g3 Rf8 21.Qd3 Qe8 22.f4 Qh5
23.Kg2 gxf4 24.Nxf4 Bxf4 25.Qd7+ Kb8 26.Bxf4 Qe2+ 27.Kh1 Ka8 28.Bxc7 Qh5
29.Kg2 Qe2+ 30.Kh1 Qf3+ 31.Kh2 Qe2+ 32.Kh1  1/2-1/2

[Event "35th TCh-GRE"]
[Site "Ermioni GRE"]
[Date "2006.07.07"]
[Round "6"]
[White "Manolaraki,Y"]
[Black "Papadopoulou,V"]
[Result "1/2-1/2"]
[WhiteElo "2118"]
[BlackElo "2217"]

1.e4 d5 2.exd5 Qxd5 3.Nc3 Qd6 4.d4 c6 5.Nf3 Nf6 6.Bc4 Bg4 7.Be3 e6 8.h3 Bh5
9.g4 Bg6 10.Ne5 Nd5 11.Nxd5 exd5 12.Nxg6 hxg6 13.Bb3 Nd7 14.Qd2 Nf6 15.O-O-O O-O-O
16.Bf4 Qd7 17.f3 Bd6 18.c3 Rde8 19.Bc2 Qc7 20.Bxd6 Qxd6 21.Qh2 Qxh2 22.Rxh2 g5
23.Kd2 g6 24.Re1 Rxe1 25.Kxe1 Nd7 26.Kf2 Nf8 27.Kg3 Ne6 28.h4 gxh4+ 29.Rxh4 Rxh4
30.Kxh4 Kc7 31.g5 b6 32.Kg4 c5 33.dxc5 bxc5 34.f4 Ng7 35.f5 gxf5+ 36.Bxf5 Kd6
37.Bh7 Ke7  1/2-1/2

[Event "Open"]
[Site "Condom FRA"]
[Date "2006.07.10"]
[Round "4"]
[White "Doluhanova,E"]
[Black "Fernandez,Laur"]
[Result "1-0"]
[WhiteElo "2231"]
[BlackElo "1956"]

1.e4 d5 2.exd5 Qxd5 3.Nc3 Qd6 4.d4 Nf6 5.h3 a6 6.Nf3 b5 7.Bd3 Bb7 8.a3 Nbd7
9.Be3 e6 10.Qd2 Be7 11.Bf4 Qc6 12.O-O O-O 13.Rfe1 Rad8 14.Rad1 b4 15.axb4 Bxb4
16.Qe2 Bxc3 17.bxc3 Nd5 18.Bd2 Nxc3 19.Bxh7+ Kxh7 20.Qd3+ Kg8 21.Bxc3 Qd5
22.Bb4 Rfe8 23.Re3 c5 24.dxc5 Qh5 25.Qc3 Nf6 26.Rxd8 Rxd8 27.Rd3 Rc8 28.Qd2 Ne4
29.Qf4 Nxc5 30.Bxc5 Qxc5 31.Rd7  1-0

[Event "35th TCh-GRE"]
[Site "Ermioni GRE"]
[Date "2006.07.10"]
[Round "9"]
[White "Fakhiridou,E"]
[Black "Papadopoulou,V"]
[Result "1-0"]
[WhiteElo "2296"]
[BlackElo "2217"]

1.e4 d5 2.exd5 Qxd5 3.Nc3 Qd6 4.d4 Nf6 5.Nf3 c6 6.Ne5 Nbd7 7.Nc4 Qc7 8.Qf3 Nb6
9.h3 Be6 10.Bf4 Qd8 11.Nxb6 axb6 12.Be5 g6 13.Bd3 Bg7 14.O-O O-O 15.a3 b5
16.Ne2 Nd5 17.Bxg7 Kxg7 18.c3 Nb6 19.Nf4 Bc4 20.Rfe1 Qd6 21.Rad1 Rfe8 22.Bc2 Qf6
23.Qg3 Kh8 24.Re5 Rad8 25.Rde1 Bd5 26.Nxd5 Nxd5 27.h4 Nf4 28.R5e4 Nd5 29.h5 e6
30.Re5 Nf4 31.hxg6 hxg6 32.R1e4 Nd5 33.Bb3 Ne7 34.Bxe6 fxe6 35.Rxe6 Qg7 36.Qh4+ Qh7
37.Qxh7+ Kxh7 38.Rxe7+ Rxe7 39.Rxe7+ Kh6 40.Rxb7 Kg5 41.Rc7 Rd6 42.Kf1 Kf5
43.Ke2 Ke6 44.Kd3 Kd5 45.b3 Rf6 46.f3 Kd6 47.Rg7 Ke6 48.c4 Kf5 49.Re7 Kf4
50.Re4+  1-0

[Event "COQ"]
[Site "Montreal CAN"]
[Date "2006.07.10"]
[Round "4"]
[White "Anastasovski,N"]
[Black "Khassanov,M"]
[Result "0-1"]
[WhiteElo "2016"]
[BlackElo "2314"]

1.e4 d5 2.exd5 Qxd5 3.Nc3 Qd6 4.Nf3 Nc6 5.Be2 e5 6.Nb5 Qd8 7.d4 a6 8.d5 Nb4
9.Nxc7+ Qxc7 10.c3 e4 11.O-O exf3 12.Bxf3 Nxd5 13.Qxd5 Nf6 14.Qg5 h6 15.Qh4 Bd6
16.Bg5 Bxh2+ 17.Kh1 Be5 18.Rae1 O-O 19.Bc1 Re8 20.Bd1 Bf5 21.Bxh6 gxh6 22.f4 Ne4
23.Rxe4 Bxe4 24.fxe5 Rxe5 25.Qxh6 Bg6 26.Qf4 Rc8 27.Bg4 Re1 28.Qf2 Rxf1+
29.Qxf1 f5 30.Bh3 Re8 31.Qf2 Qe5 32.Qb6 Qg3 33.Qb3+ Bf7 34.Qd1 Re1+ 35.Qxe1 Qxe1+
36.Kh2 f4 37.b3 Bd5 38.c4 Bc6 39.b4 Qg3+ 40.Kh1 Qxh3+  0-1

[Event "COQ"]
[Site "Montreal CAN"]
[Date "2006.07.10"]
[Round "4"]
[White "Masse,H"]
[Black "Desjardins,A"]
[Result "1-0"]
[WhiteElo "2178"]
[BlackElo "2106"]

1.e4 d5 2.exd5 Qxd5 3.Nc3 Qd6 4.d4 Nf6 5.Nf3 a6 6.g3 Bg4 7.Bg2 Nc6 8.O-O O-O-O
9.d5 Nb4 10.h3 Bxf3 11.Qxf3 Nbxd5 12.Rd1 c6 13.Nxd5 cxd5 14.c4 e5 15.cxd5 Be7
16.Be3 Kb8 17.Qe2 Nd7 18.b4 Rc8 19.Rab1 f5 20.Qd2 Rhf8 21.f4 Bf6 22.b5 exf4
23.Bxf4 Be5 24.bxa6 Qxa6 25.Bxe5+ Nxe5 26.d6 Nc6 27.d7 Rcd8 28.Qd6+ Ka8 29.Bxc6 Qxc6
30.Qxc6 bxc6 31.Rd4  1-0

[Event "5th Open"]
[Site "La Fere FRA"]
[Date "2006.07.11"]
[Round "5"]
[White "Tirard,H"]
[Black "Nevednichy,V"]
[Result "1/2-1/2"]
[WhiteElo "2453"]
[BlackElo "2576"]

1.e4 d5 2.exd5 Qxd5 3.Nc3 Qd6 4.d4 c6 5.Bg5 Nf6 6.Qd2 Bf5 7.O-O-O e6 8.Nf3 Nbd7
9.Kb1 Qc7 10.Nh4 Bg6 11.Nxg6 hxg6 12.g3 O-O-O 13.Bg2 Nb6 14.Ne4 Nxe4 15.Bxe4 Be7
16.Bxe7 Qxe7 17.f4 Qf6 18.h4 Kb8 19.Bf3 Rd7 20.c3 c5 21.Qe3 cxd4 22.Rxd4 Rxd4
23.Qxd4 Qxd4 24.cxd4 Rd8 25.Rd1 Nd5 26.Bxd5 Rxd5 27.Kc2 Kc7 28.Kd3 Ra5 29.a3 Rb5
30.b4 Rb6 31.Rh1 Ra6 32.Ra1 Kd6 33.g4 Kd5 34.h5 gxh5 35.gxh5 b5 36.Ra2 Ra4
37.Ke3 Ra6 38.Kd3 f6 39.Ra1 Rc6 40.Rg1 a6 41.Re1 Kd6 42.Rg1 Kd5 43.Re1 Kd6
44.Rg1 Kd5 45.Re1  1/2-1/2

[Event "6th TCh-Euro u18"]
[Site "Balatonlelle HUN"]
[Date "2006.07.12"]
[Round "1"]
[White "Nechepurenko,R"]
[Black "McPhillips,K"]
[Result "1/2-1/2"]
[WhiteElo "2463"]
[BlackElo "2217"]

1.e4 d5 2.exd5 Qxd5 3.Nc3 Qd6 4.Nf3 Nf6 5.g3 Bg4 6.Bg2 Nc6 7.h3 Bh5 8.d3 a6
9.Be3 e5 10.O-O h6 11.a3 Qd7 12.Ne4 Nxe4 13.dxe4 O-O-O 14.c3 Be7 15.b4 Qxd1
16.Rfxd1 Rxd1+ 17.Rxd1 Rd8 18.Rc1 b6 19.h4 Kb7 20.Nd2 Be2 21.Bf1 Bxf1 22.Kxf1 Rd7
23.h5 Nd8 24.Ke2 Ne6 25.f4 exf4 26.gxf4 c5 27.Nf3 f6 28.Rg1 cxb4 29.cxb4 Bd6
30.Rd1 Rd8 31.f5 Nc7 32.Bf4 Nb5 33.Rd3 Nc3+ 34.Rxc3 Bxf4 35.Rd3 Rxd3 36.Kxd3 b5
37.Kc2 Be3 38.Ne1 Kc6 39.Nd3 Kd6 40.Kc3 Bb6  1/2-1/2

[Event "XXIX Open"]
[Site "Barbera del Valles ESP"]
[Date "2006.07.12"]
[Round "8"]
[White "Losada Cabrera,F"]
[Black "Almeida,O"]
[Result "0-1"]
[WhiteElo "2199"]
[BlackElo "2458"]

1.e4 d5 2.exd5 Qxd5 3.Nc3 Qd6 4.d4 Nf6 5.Be2 a6 6.Be3 Nc6 7.Bf3 Bf5 8.g4 Bg6
9.g5 Nd7 10.Nge2 Nb6 11.Bf4 Qd7 12.Ne4 e6 13.c3 O-O-O 14.O-O e5 15.dxe5 Qf5
16.Qb3 Nxe5 17.Bg2 Nd3 18.N4g3 Qb5 19.Qxb5 axb5 20.b3 Be7 21.Be3 Nd5 22.Bd2 f6
23.Nd4 N5f4 24.gxf6 Bxf6 25.Nxb5 Nxg2 26.Kxg2 Ne5 27.Be3 Bd3 28.Nd4 Bxf1+
29.Rxf1 Ng4 30.Ne4 Rhe8 31.Nxf6 Nxf6 32.b4 Nd5 33.Bd2 Nxb4 34.Bf4 Nd5 35.Bg3 Nxc3
36.Nb3 Nd1  0-1

[Event "Open A"]
[Site "Banska Stiavnica SVK"]
[Date "2006.07.14"]
[Round "7"]
[White "Talla,V"]
[Black "Kantorik,M"]
[Result "1/2-1/2"]
[WhiteElo "2426"]
[BlackElo "2330"]

1.e4 d5 2.exd5 Qxd5 3.Nc3 Qd6 4.d4 Nf6 5.Nf3 Bg4 6.h3 Bxf3 7.Qxf3 c6 8.Be3 e6
9.Be2 Nbd7 10.O-O Qc7 11.Ne4 Nxe4 12.Qxe4 Nf6 13.Qf3 Bd6 14.c4 O-O 15.Bg5 Be7
16.Qb3 Rad8 17.Rad1 Ne4 18.Be3 Bg5 19.Bxg5 Nxg5 20.Qe3 h6 21.h4 Nh7 22.Qe5 Qe7
23.g3 Rd7 24.Rd3 Rfd8 25.Rfd1 Qf6 26.Kg2 Qxe5 27.dxe5 Rxd3 28.Rxd3 Rxd3 29.Bxd3 Nf8
30.f4 Nd7 31.Kf3 Kf8 32.Ke3 Ke7 33.b4 b6 34.Be4 c5  1/2-1/2

[Event "Open A"]
[Site "Banska Stiavnica SVK"]
[Date "2006.07.14"]
[Round "7"]
[White "Kotan,L"]
[Black "Manik,M"]
[Result "0-1"]
[WhiteElo "2289"]
[BlackElo "2460"]

1.e4 d5 2.exd5 Qxd5 3.Nc3 Qd6 4.d4 Nf6 5.Nf3 a6 6.g3 Bg4 7.Bg2 Nc6 8.Be3 O-O-O
9.h3 Bh5 10.O-O e5 11.dxe5 Nxe5 12.Qxd6 Bxd6 13.Nd2 Rhe8 14.Nde4 Nf3+ 15.Bxf3 Bxf3
16.Nxd6+ Rxd6 17.Rfe1 h5 18.Bf4 Rde6 19.Re3 Rxe3 20.Bxe3 Nd7 21.Nb1 Be4 22.c3 Ne5
23.Nd2 Bc6 24.b3 f6 25.Kf1 h4 26.g4 g5 27.Rd1 f5 28.Bxg5 fxg4 29.f4 gxh3
30.fxe5 h2 31.Kf2 h1=Q 32.Rxh1 Bxh1 33.Bxh4 Rxe5 34.Bg3 Re7 35.Nc4 Rf7+ 36.Ke2 Bf3+
37.Kd2 Be4 38.Ne5 Rf1 39.Ke3 Bh7 40.Nf3 Ra1 41.a4 Bg8 42.c4 Ra3 43.Nd2 Bxc4
44.Nxc4 Rxb3+ 45.Kf2 Rb4 46.Ne3 Rxa4 47.Nd5 Rc4 48.Ke3 b5 49.Kd3 Kb7 50.Be1 c5
51.Bf2 a5 52.Nc3 Kc6 53.Nd1 a4 54.Nb2 Rg4  0-1

[Event "Open"]
[Site "Condom FRA"]
[Date "2006.07.15"]
[Round "9"]
[White "Simon,O"]
[Black "Garrel,A"]
[Result "1-0"]
[WhiteElo "2403"]
[BlackElo "2144"]

1.e4 d5 2.exd5 Qxd5 3.Nc3 Qd6 4.d4 Nf6 5.Nf3 a6 6.g3 Bg4 7.Bg2 Nc6 8.O-O O-O-O
9.d5 Nb4 10.h3 Bh5 11.Bf4 Qc5 12.Be3 Qd6 13.Qe2 Nbxd5 14.Nxd5 Nxd5 15.c4 Nxe3
16.Qxe3 c6 17.g4 Bg6 18.b4 e6 19.b5 Qc5 20.Qb3 Rd3 21.Qb2 Qa3 22.Qe2 Bc5
23.bxc6 bxc6 24.h4 h5 25.Ne5 Rg3 26.Nxg6 hxg4 27.Qe4 Qf3 28.Qxf3 gxf3 29.Nxh8 Rxg2+
30.Kh1 Bd6 31.Rfb1 Rh2+ 32.Kg1 Rg2+ 33.Kf1 Rh2 34.Ke1 Be5 35.Kd2 Bxa1 36.Rxa1 Rxh4
37.Nxf7 Kc7 38.Kd3 Rf4 39.Ng5 Kd7 40.Ne4 Kd8 41.Rg1 Rf7 42.Nd6 Rf4 43.Rxg7 Rh4
44.Ra7  1-0

[Event "Open A"]
[Site "Banska Stiavnica SVK"]
[Date "2006.07.16"]
[Round "9"]
[White "Priborsky,J"]
[Black "Kantorik,M"]
[Result "1/2-1/2"]
[WhiteElo "2337"]
[BlackElo "2330"]

1.e4 d5 2.exd5 Qxd5 3.Nc3 Qd6 4.d4 Nf6 5.Nf3 Bg4 6.h3 Bxf3 7.Qxf3 c6 8.Be3 e6
9.O-O-O Qc7 10.Bf4 Bd6 11.Bxd6 Qxd6 12.Ne4 Nxe4 13.Qxe4 Nd7 14.c4 Nf6 15.Qe3 O-O-O
16.Be2 Kb8 17.g4 Rd7 18.h4 Rhd8 19.h5 Ng8 20.Rd3 Qc7 21.Rhd1 h6 22.f4 Qd6
23.Qe5 Nf6 24.Kc2  1/2-1/2

[Event "Open A"]
[Site "Oberwart AUT"]
[Date "2006.07.16"]
[Round "9"]
[White "Neumeier,K"]
[Black "Kamaryt,T"]
[Result "1-0"]
[WhiteElo "2283"]
[BlackElo "2103"]

1.e4 d5 2.exd5 Qxd5 3.Nc3 Qd6 4.d4 Nf6 5.Nf3 a6 6.g3 Bg4 7.h3 Bh5 8.Bg2 Nc6
9.O-O O-O-O 10.Bf4 Qb4 11.g4 Bg6 12.Ne5 Nxe5 13.Bxe5 c6 14.Qe2 Nd7 15.Bg3 e6
16.a3 Qxb2 17.Qf3 Nf6 18.Rfb1 Qxc2 19.Rxb7 Nd5 20.Rab1 Qxb1+ 21.Rxb1 Bxb1  1-0

[Event "Open A"]
[Site "Oberwart AUT"]
[Date "2006.07.16"]
[Round "9"]
[White "Hiermann,D"]
[Black "Bawart,M"]
[Result "1/2-1/2"]
[WhiteElo "2260"]
[BlackElo "2334"]

1.e4 d5 2.exd5 Qxd5 3.Nc3 Qd6 4.d4 Nf6 5.Bc4 a6 6.h3 b5 7.Bb3 Bb7 8.Nf3 e6
9.Be3 Nbd7 10.O-O c5 11.dxc5 Qxd1 12.Raxd1 Bxf3 13.gxf3 Nxc5 14.Bxc5 Bxc5
15.Ne4 Be7 16.Nxf6+ Bxf6 17.c3 Ke7 18.Rd2 Bg5 19.Rd3 Rhd8 20.Rxd8 Rxd8 21.Rd1 Rb8
22.Kf1 Bf4 23.Bc2 Rb6 24.Bd3 f5 25.b3 Rc6 26.c4 b4 27.Bc2 Bd6 28.Ke2 Kf6
29.Rd4 Ke5 30.Rd1 Kf4 31.Rd4+ Kg5 32.Kf1 Bc5 33.Rd7 Kf6 34.Ke2 h6 35.f4 Be7
36.Bd1 Rc5 37.Kf1 a5 38.f3 a4 39.Ra7 axb3 40.axb3 Bd6 41.Ra6 Ke7 42.Ke2 Bxf4
43.Kd3 Rc7 44.Bc2 g5 45.Rb6 g4 46.fxg4 fxg4 47.hxg4  1/2-1/2